• 首页
  • 本馆介绍
  • 公告通知
  • 最新文献
  • 馆藏检索
  • 电子资源
  • 读者导购
  • 参考咨询
  • 我的图书馆
  • 登录
  • 详细信息显示
  • 放入我的书架
  • 预约/预借图书
  • 作者相关作品
  • 分类相关作品
  • 丛书相关作品
  • 出版社相关作品

书目信息

  • 表格格式
  • 工作单格式
  • 卡片格式
题名:
景观规划表现大赏
    
 
作者: ;天津凤凰空间文化传媒公司 编
分册: 下   住区景观
出版信息: 南京   江苏人民出版社  2020.7
页数: 244页
开本: 33cm
丛书名:
单 册:
中图分类: TU , TU984.12
科图分类:
主题词: 景观规划--中国--图集 , 居住区--景观规划--中国--图集 , 景观规划 , 居住区
电子资源:
ISBN: 978-7-214-07131-6
000 01246nam0 2200301 45
001 012001000938
005 20211101150715.36
010    @a978-7-214-07131-6@dCNY199.00
100    @a20110822d2011 em y0chiy50 ea
101 0  @achi@aeng
102    @aCN@b320000
105    @aa z 000yy
106    @ar
200 1  @a景观规划表现大赏@i住区景观@dPlanning and landscape@h下@iResidence landscape@a下@f凤凰空间·上海编@zeng@Ajing guan gui hua biao xian da shang
210    @a南京@c江苏人民出版社@d2020.7
215    @a244页@d33cm
300    @a并列题名:Planning and landscape
330    @a本书通过国内专长于住区景观表现的绘制者的记录,真实呈现了当前国内著名景观事务所对住区景观设计的思考、审美与探索,解读者与居住区景观设计相关的一切组成备件:道路的布置、水景的组织、路面的铺装、小品的设计、公共设施的处理、庭院景观的规划等。
510 1  @aPlanning and landscape@iResidence landscape@zeng
606 0  @a景观规划@y中国@j图集
606 0  @a居住区@x景观规划@y中国@j图集
606 0  @a景观规划
606 0  @a居住区
690    @aTU@v4
690    @aTU984.12@v4
711 02 @a天津凤凰空间文化传媒公司@b上海事业部@4编@Atian jin feng huang kong jian wen hua chuan mei gong si
801  0 @aCN@bBJSDL@c20211011
905    @b1336225-7@dTU@e278:2@f3
    
    景观规划表现大赏.住区景观=Planning and landscape.下.Residence landscape;下/凤凰空间·上海编.-南京:江苏人民出版社,2020.7
    244页;33cm
    并列题名:Planning and landscape
    
    ISBN 978-7-214-07131-6:CNY199.00
    本书通过国内专长于住区景观表现的绘制者的记录,真实呈现了当前国内著名景观事务所对住区景观设计的思考、审美与探索,解读者与居住区景观设计相关的一切组成备件:道路的布置、水景的组织、路面的铺装、小品的设计、公共设施的处理、庭院景观的规划等。
●
相关链接 在E读中查询图书 在五车中查询图书 在当当中查询图书 在豆瓣中查询图书


正题名:景观规划表现大赏     索取号:TU/278:2         预约/预借

序号 登录号 条形码 馆藏地/架位号 状态 备注
1 1336225   213362252   第二样本阅览室/ [索取号:TU/278:2] 在馆    
2 1336226   213362261   第三借阅区/ [索取号:TU/278:2] 在馆    
3 1336227   213362270   第三借阅区/ [索取号:TU/278:2] 在馆    
唐山师范学院图书馆 欢迎您!
大连网信软件有限公司© 版权所有